Accounting standards / (Record no. 344915)

000 -LEADER
fixed length control field 01179 a2200205 4500
020 ## - INTERNATIONAL STANDARD BOOK NUMBER
International Standard Book Number 0273614177
020 ## - INTERNATIONAL STANDARD BOOK NUMBER
International Standard Book Number 9780273614173
082 04 - DEWEY DECIMAL CLASSIFICATION NUMBER
Classification number 657
090 ## - LOCALLY ASSIGNED LC-TYPE CALL NUMBER (OCLC); LOCAL CALL NUMBER (RLIN)
-- 2417
-- 2417
100 1# - MAIN ENTRY--PERSONAL NAME
Personal name Blake, John.
245 10 - TITLE STATEMENT
Title Accounting standards /
Statement of responsibility, etc. John Blake.
250 ## - EDITION STATEMENT
Edition statement 5 Sub ed.
260 ## - PUBLICATION, DISTRIBUTION, ETC.
Place of publication, distribution, etc. [S.l.] :
Name of publisher, distributor, etc. Trans-Atlantic Publications,
Date of publication, distribution, etc. 1995.
300 ## - PHYSICAL DESCRIPTION
Extent 320 p. ;
Dimensions 26 cm.
500 ## - GENERAL NOTE
General note Paperback.
520 ## - SUMMARY, ETC.
Summary, etc. Each of this edition's chapters gives an introduction to the standard under scrutiny, with an analysis of its nature and purpose, and discusses practical problems in accounting treatment. Worked examples are included at regular intervals to show how theory operates in practice and to improve skills in examination technique. Questions and solutions are also provided for this purpose. The book covers all extant standards and financial reporting statements, including Financial Reporting Exposure drafts and Urgent Issue Task Force Abstracts.
856 40 - ELECTRONIC LOCATION AND ACCESS
Materials specified Amazon.com
Uniform Resource Identifier <a href="http://www.amazon.com/exec/obidos/ASIN/0273614177/chopaconline-20">http://www.amazon.com/exec/obidos/ASIN/0273614177/chopaconline-20</a>
856 40 - ELECTRONIC LOCATION AND ACCESS
Materials specified Amazon customer reviews
Uniform Resource Identifier <a href="http://www.chopac.org/cgi-bin/tools/azrev.pl?q=0273614177">http://www.chopac.org/cgi-bin/tools/azrev.pl?q=0273614177</a>
942 ## - ADDED ENTRY ELEMENTS (KOHA)
Institution code [OBSOLETE] NBS
Koha item type Book
Call number prefix 657.48 BLA
Holdings
Withdrawn status Lost status Damaged status Not for loan Permanent Location Current Location Date acquired Total Checkouts Full call number Barcode Date last seen Price effective from Koha item type
        Central Library (CL) Central Library (CL) 08/28/2013   657.48 BLA NBS3396 08/28/2013 08/28/2013 Book
© 2023 Central Library, National University of Sciences and Technology. All Rights Reserved.